000 00359 a2200169 4500
001 190002
020 _a85-85672-40-4
040 _cMagnum
100 _aMurray, Roseana Kligerman
240 1 0 _aNo mundo da lua
_lpor
245 1 0 _aNo mundo da lua
300 _a36
362 0 _a1998
440 1 _aMiguilim
697 _aLITERATURA INFANTO
942 _cBK
999 _c190002
_d190002